000 00916nam a2200181 4500
008 050413s2004 ilu 000 0 eng
020 _a0830832378 :USD13.00
090 _aBV4527
_bB73d
100 1 _aBrazo, Carol Jo.
245 1 0 _aDivine secrets of mentoring :
_bspiritual growth through friendship /
_cCarol Brazo.
260 _aDowners Grove, Ill. :
_bInterVarsity Press,
_c2004.
263 _a1111
300 _ap. cm.
505 0 _aHow do I find a mentor? -- The dance of mentoring -- Convert my heart -- Teach me to pray -- Help me discover who I am -- Do I really need to learn confession? -- Teach me to forgive -- Support for seasons of grief -- How do we stay united? -- Walk in faith with me -- Show me the way to hope -- Lessons in loving.
650 4 _aChristian women
_xReligious life.
650 4 _aMentoring in church work.
951 _p28234
_x00030641
_oBV4527/B73d
_j070613111445593
_d2000-12-21
_cGC
999 _c22820
_d22820